| 000 | 00835cam a22003014a 4500 | ||
|---|---|---|---|
| 001 | 14271161 | ||
| 005 | 20180302065910.0 | ||
| 008 | 060216s2007 paua 001 0 eng | ||
| 010 | _a 2006005376 | ||
| 015 |
_aGBA643578 _2bnb |
||
| 016 | 7 |
_a013455937 _2Uk |
|
| 020 | _a1405105097 | ||
| 020 | _a9781405105095 | ||
| 035 | _a(OCoLC)ocm64230154 | ||
| 035 | _a(OCoLC)64230154 | ||
| 040 |
_aDNLM/DLC _cDLC _dBAKER _dC#P _dUKM _dYUS _dYDXCP _dDLC |
||
| 041 | _aeng | ||
| 042 | _apcc | ||
| 060 | 1 | 0 |
_aWB 18.2 _bB6618 2006 |
| 080 | _a610.76 | ||
| 082 | 0 | 0 |
_a610.76 _222 |
| 100 | _a9 | ||
| 101 | _aSHM | ||
| 245 | 0 | 0 |
_aBoards and wards / _c[edited by] Carlos Ayala, Brad Spellberg. |
| 906 |
_a7 _bcbc _corignew _d1 _eecip _f20 _gy-gencatlg |
||
| 942 |
_2ddc _cBK |
||
| 999 |
_c44018 _d44018 |
||